Statistics for A ICE from Karlsruhe to Frankfurt

Click here to take the quiz!

General Stats

  • This quiz has been taken 29 times
  • The average score is 6 of 18

Answer Stats

Answer% Correct
Frankfurt
93%
Mannheim
93%
Karlsruhe
82%
Mainz
61%
Frankfurt Flughafen
43%
Ludwigshafen
32%
Worms
25%
Bruchsal
21%
Rüsselsheim
21%
Speyer
21%
Hockenheim
18%
Frankfurt Niederrad
14%
Germersheim
14%
Karlsruhe Durlach
14%
Frankenthal
11%
Mainz Hechtsheim
4%
Mannheim Rheinau
4%
Schifferstadt
4%

Score Distribution

Percentile by Number Answered

Percent of People with Each Score

Your Score History

You have not taken this quiz